000 00847nam a2200241Ia 4500
008 130821s1978 mx gr spa
020 _a9683200230
040 _aCo-BoUCM
_bspa
041 0 0 _aspa
092 _aFMR 0016
100 1 _aBernardelli Corvera, Jorge
_9166055
245 1 0 _aNeurotología clínica
_cJorge Bernardelli Corvera
260 _aMéxico D.F. (México)
_bSalvat Mexicana de Ediciones
_c1978
300 _a592 páginas
490 0 _aBiblioteca Médica Mexicana
500 _aLibro disponible en 48 horas a partir de la solicitud.
504 _aIncluye bibliografía e índice general.
650 0 4 _aEnfermedades de los nervios periféricos
_914331
650 0 4 _aEnfermedades del sistema nervioso central
_914385
650 0 4 _aNeurología
_920299
650 0 4 _aOtorrinolaringología
_920948
942 _cLIBRO
_a15
_e1
_n0
999 _c64460
_d64460